000 00436nam a22001817a 4500
003 MPLRDC
005 20220104114137.0
008 210129b ||||| |||| 00| 0 eng d
020 _a957-667-071-3
082 _a857.45 ZGLD v.3
100 _a鲁波
245 _a隋唐宫廷秘史
_c
250 _a初版二刷
260 _a
_b群玉堂出版公司
_c1992
300 _b
650 _a历史小说
942 _cBK
_o857.45 ZGLD v.3
999 _c5170
_d5160